000 00298nam a2200133Ia 4500
008 231129s1980||||xx |||||||||||||| ||spa||
040 _bspa
082 _a153.9 M978m
100 _aMurphy Joseph
245 0 _aLos milagros de su mente
260 _c1980
264 _aCliment
942 _2ddc
_cBKS
999 _c19838
_d19838